00880cam a22002294a 450000100090000000300040000900500170001300800410003001000070007102000150007804000180009305000140011110000180012524500640014325000120020726000520021930000600027150400510033150502310038265000200061370000170063313367388OSt20210510103639.0031008s2004 njua b 001 0 eng  a  a0130957259 aDLCcDLCdDLC00aHB172.C361 aCase, Karl E.10aPrinciples of microeconomics. /cKarl E. Case, Ray C. Fair. a5th ed. aUpper Saddle River, NJ :bPrentice Hall,c1999. axxxi, 563 p. + various pagings :bill. (chiefly col.) ; aIncludes bibliographical references and index. aContents: Introduction to economics -- Foundations of microeconomics -- Market imperfections and the role of government -- Current microeconomic issues -- International economics -- Concise dictionary of economic terminology.  0aMicroeconomics.1 aFair, Ray C.